000 00771nam a22002177a 4500
999 _c13338
_d13338
003 AR-CdUCM
008 190411b ||||| |||| 00| 0 spa d
020 _a978-607-618-527-8
040 _aMUNICIPALIDAD PROVINCIAL DEL CUSCO
_cBIBLIOTECA MUNICIPAL DEL CUSCO
082 _aEP / 372.808 /
_bAV91
110 _aDisney Enterprises, Inc.
_931708
245 _aAventuras de Princesas /
260 _aMéxico :
_bSilver Dolphin ;
_c2016.
300 _a304 páginas ;
_bIlustraciones
_c24cm
505 _aContenido: Enredados -- Aladdín -- La cenicienta -- La princesa y el sapo -- La bella durmiente...
650 _aCuento infantil
_93319
650 _aEducación primaria
_91561
856 _fwww.disneylatino.com
942 _2ddc
_cLIBROS
945 _anom
_d2019-04-15